| 000 | 00961nam a2200301Ia 4500 | ||
|---|---|---|---|
| 003 | GCL | ||
| 005 | 20240530102127.0 | ||
| 008 | 140319s9999 xx 000 0 ara d | ||
| 040 |
_aGCL / _cGCL |
||
| 082 | 0 | 4 |
_a113 _bج ح |
| 100 | 1 | _aجاليلية، جاليلو | |
| 245 | 1 | 0 |
_aحوار حول النظامين الرئيسى للكون النظام البطليموسى الكربرنيقى / _cجاليلو جاليلية |
| 260 |
_a[S.N] : _bالهيئة المصرية العامة للكتاب ، _c1992 |
||
| 300 | _a238 ص | ||
| 490 |
_aالالف كتاب _v0 |
||
| 650 | 0 | 4 | _aالعلم |
| 650 | 0 | 4 | _aالفلك |
| 650 | 0 | 4 | _aالارض |
| 650 | 0 | 4 | _aالجداول |
| 650 | 0 | 4 | _aالكون |
| 650 | 0 | 4 | _aالخلق |
| 650 | 0 | 4 | _aالكواكب |
| 650 | 0 | 4 | _aالفلكيون |
| 650 | 0 | 4 | _aالكونيات |
| 650 | 0 | 4 | _aما وراء الطبيعة, علم |
| 700 | 1 | _aمحمد اسعد عبدالرؤوف | |
| 942 |
_2ddc _cBK |
||
| 999 |
_c29981 _d29981 |
||